|
|
|
|
| LEADER |
00000nab#a22000007a#4500 |
| 001 |
arbauad040460 |
| 003 |
AR-BaUAD |
| 005 |
20250711113158.0 |
| 008 |
991001|||||||||###||||||b###|0###a|spa|| |
| 040 |
|
|
|a AR-BaUAD
|c AR-BaUAD
|b spa
|
| 245 |
1 |
0 |
|a Críticas
|
| 653 |
|
|
|a CINE
|
| 653 |
|
|
|a CRITICAS
|
| 653 |
|
|
|a LARGOMETRAJES
|
| 653 |
|
|
|a DIRECTORES DE CINE
|
| 653 |
|
|
|a ESTADOS UNIDOS
|
| 653 |
|
|
|a BIRD, ANTONIA
|
| 653 |
|
|
|a REINO UNIDO
|
| 653 |
|
|
|a CUBA
|
| 653 |
|
|
|a PEREZ, FERNANDO
|
| 653 |
|
|
|a MANGOLD, JAMES
|
| 653 |
|
|
|a ESPAÑA
|
| 653 |
|
|
|a COLOMBO, FERNANDO
|
| 653 |
|
|
|a FRANCIA
|
| 653 |
|
|
|a ROCHANT, ERIC
|
| 653 |
|
|
|a GUTIERREZ, SEBASTIAN
|
| 653 |
|
|
|a ARANDA, VICENTE
|
| 653 |
|
|
|a BORROSO, MARIANO
|
| 653 |
|
|
|a JOFFE, ROLAND
|
| 653 |
|
|
|a SHEA, KATT
|
| 653 |
|
|
|a BONT, JAN DE
|
| 653 |
|
|
|a PAISES BAJOS
|
| 773 |
0 |
|
|t DIRIGIDO
|g no. 282 [sep. 1999], p. 8-19
|
| 942 |
|
|
|c ARTI
|
| 952 |
|
|
|0 0
|1 0
|4 0
|7 0
|9 85379
|a AR-BAuAD
|b AR-BAuAD
|d 2025-07-11
|l 0
|p AAQA040460
|r 2025-07-11 11:31:58
|w 2025-07-11
|y ARTI
|
| 990 |
|
|
|a C199
|b TD
|
| 998 |
|
|
|a AAQ
|b BIBUN76
|
| 999 |
|
|
|c 65052
|d 65052
|